Portsmouth City Council Wards - Statistics

General Stats
  • This quiz has been taken 40 times
  • The average score is 5 of 14
Answer Stats
Answer % Correct
Fratton
71%
Hilsea
69%
Cosham
63%
Baffins
51%
Milton
49%
Copnor
43%
Charles Dickens
31%
Paulsgrove
29%
Central Southsea
17%
Nelson
17%
St Jude
14%
St Thomas
11%
Drayton & Farlington
6%
Eastney & Craneswater
3%
No matching quizzes found
Score Distribution
Percent of People with Each Score
Percentile by Number Answered
Your Score History
You have not taken this quiz